|
|
|
|
| LEADER |
01516nam a2200289 i 4500 |
| 003 |
GR-PaULI |
| 005 |
20230612113128.0 |
| 008 |
230612s2021 gr ||||g |||| 00| j gre d |
| 020 |
|
|
|a 9786185369545
|
| 040 |
|
|
|a GR-PaULI
|b gre
|c GR-PaULI
|e AACR2
|
| 041 |
1 |
|
|a gre
|h swe
|
| 082 |
0 |
4 |
|2 23
|a 839.73
|
| 100 |
1 |
0 |
|9 8033
|a Strindberg, August,
|d 1849-1912
|e συγγραφέας
|
| 245 |
1 |
3 |
|a Το Ημικύκλιο των Αθηνών :
|b τρία διηγήματα από τις ιστορικές μηνιατούρε /
|c August Strindberg ; μετάφραση Δημήτρης Χ. Φωτόπουλος ; επίμετρο Μαρία Σεχοπούλου.
|
| 260 |
|
|
|a Αθήνα :
|b Αιώρα,
|c 2021.
|
| 300 |
|
|
|a 91 σ. ;
|c 21 εκ.
|
| 500 |
|
|
|a Τίτλος πρωτοτύπου : Historiska miniatyarer: Hemicykeln i Athen, Alkibiades, Sokrates.
|
| 505 |
0 |
|
|a Το ημικύκλιο των Αθηνών -- Αλκιβιάδης -- Σωκράτης -- Επίμετρο.
|
| 650 |
|
4 |
|9 198877
|a Σουηδικό διήγημα.
|
| 700 |
1 |
4 |
|9 198878
|a Φωτόπουλος, Δημήτρης Χ.
|e μεταφραστής
|
| 700 |
1 |
4 |
|9 156606
|a Σεχοπούλου, Μαρία
|e συγγραφέας επίμετρου
|
| 740 |
0 |
2 |
|a Αλκιβιάδης
|
| 740 |
0 |
2 |
|a Σωκράτης
|
| 942 |
|
|
|2 ddc
|c BK15
|
| 952 |
|
|
|0 0
|1 0
|2 ddc
|4 0
|6 839_730000000000000_STR
|7 0
|9 372537
|a THST
|b THST
|d 2023-06-12
|i 017663
|l 0
|o 839.73 STR
|p 025000300114
|r 2023-06-12 00:00:00
|w 2023-06-12
|y BK15
|
| 998 |
|
|
|c ΜΑΝΙΑ
|d 2021-06
|
| 999 |
|
|
|c 217244
|d 217244
|